000 00969cam a22003137a 4500
001 000076201
003 CHAP
005 20220329141748.0
008 971013s1972 r 00010 d
010 _a73436
011 _a74408
035 _a83967
040 _cCHAP
090 _aFolleto 526
100 0 0 _aGarcía Santibañez, Manuel.
_946615
245 0 _aSintesis en materia de crédito agrícola en México.
260 _aMéxico, D.F. :
_bFondo de Garantía para la Agricultura, Ganadería y Avicultura,
_c1972.
300 _a65 h.
590 _aBATCH-UPD
_b10
_c20130110
_lUCH01
_h1557
590 _aBATCH-UPD
_b10
_c20130410
_lUCH01
_h0955
590 _aBATCH-UPD
_b10
_c20130914
_lUCH01
_h1102
590 _aCONVERSION
_b10
_c20130109
_lUCH01
_h1340
590 _aE11695DGD
_b10
_c20150515
_lUCH01
_h1322
590 _aE11695DGD
_b10
_c20150515
_lUCH01
_h1324
650 1 4 _aCrédito agrícola
_zMéxico.
_929089
901 _aBK
942 _cFOLL
942 _n0
999 _c73436
_d73436